| Tag |
First Indicator |
Second Indicator |
Subfields |
| LEADER |
00000cam a2200000 4500 |
| 001 |
in00000068608 |
| 005 |
20151008050242.0 |
| 008 |
791214s1934 nyu 00000 eng |
| 010 |
|
|
|a 35016143
|
| 035 |
|
|
|a (OCoLC)05794450
|
| 035 |
|
|
|9 AAG0147AM
|
| 040 |
|
|
|a DLC
|c BUF
|d TXA
|d UtOrBLW
|
| 049 |
|
|
|a TXAM
|c [60965]
|
| 050 |
0 |
0 |
|a HD268.N5
|b N325
|
| 092 |
|
|
|a 333.3
|b N567rb
|
| 110 |
2 |
|
|a New York City Housing Authority.
|
| 245 |
1 |
0 |
|a Real property inventory, city of New York, borough of Brooklyn ;
|b residential report /
|c prepared under the direction of the New York city housing authority, United States Department of commerce [and] Mayor's advisory committee on real property inventory.
|
| 264 |
|
3 |
|a [New York] :
|b [Printed by the Polygraphic company of America],
|c 1934.
|
| 300 |
|
|
|a lxxxix, 59a, 59b. pages :
|b illustrations (plans) ;
|c 31 cm.
|
| 336 |
|
|
|a text
|b txt
|2 rdacontent
|
| 337 |
|
|
|a unmediated
|b n
|2 rdamedia
|
| 338 |
|
|
|a volume
|b nc
|2 rdacarrier
|
| 500 |
|
|
|a Pages "a" and "b" facing.
|
| 500 |
|
|
|a Langdon W. Post, chairman.
|
| 650 |
|
0 |
|a Real property
|z New York (State)
|z New York.
|
| 650 |
|
0 |
|a Housing
|z New York (State)
|z New York.
|
| 651 |
|
0 |
|a New York (N.Y.)
|x Statistics.
|
| 651 |
|
0 |
|a Brooklyn (New York, N.Y.)
|x Statistics.
|
| 700 |
1 |
|
|a Post, Langdon W.
|q (Langdon Ward),
|d 1899-
|
| 710 |
1 |
|
|a New York (N.Y.).
|b Mayor's Advisory Committee on Real Property Inventory.
|
| 999 |
|
|
|a MARS
|
| 999 |
f |
f |
|s becbee0a-c295-3098-9397-3736e8d07e00
|i 22b0639a-f24e-3046-b012-058b1b5202d9
|t 0
|
| 952 |
f |
f |
|p ric
|a Texas A&M University
|b Rellis Campus
|c Joint Library Facility
|d Remote Storage
|t 0
|e HD268.N5 N325
|h Library of Congress classification
|i unmediated -- volume
|m A14800739884
|
| 998 |
f |
f |
|a HD268.N5 N325
|t 0
|l Remote Storage
|